| 000 | 00441nam a22001577a 4500 | ||
|---|---|---|---|
| 003 | OSt | ||
| 005 | 20150911103804.0 | ||
| 008 | 150911b xxu||||| |||| 00| 0 eng d | ||
| 040 | _cRUA | ||
| 082 | _aAGR ជា 1995 B014 Or.1 | ||
| 100 |
_9284 _aជា សុផល |
||
| 245 | _aសត្រូវចង្រៃនៃដំណាំអ័រគីដេ | ||
| 260 |
_aPhnom Penh _bRUA _c1995 |
||
| 300 |
_a73p. _bill. _c29cm. |
||
| 942 |
_2ddc _cAGR |
||
| 999 |
_c264 _d264 |
||